UBT Library

Medical language : (Record no. 47338)

000 -LEADER
fixed length control field 00666cam a2200253 i 4500
001 - CONTROL NUMBER
control field 18862886
005 - DATE AND TIME OF LATEST TRANSACTION
control field 20180827042415.0
008 - FIXED-LENGTH DATA ELEMENTS--GENERAL INFORMATION
fixed length control field 151117t20172017maua 001 0 eng
010 ## - LIBRARY OF CONGRESS CONTROL NUMBER
LC control number 2015045277
020 ## - INTERNATIONAL STANDARD BOOK NUMBER
International Standard Book Number 9780134318127
020 ## - INTERNATIONAL STANDARD BOOK NUMBER
International Standard Book Number 0134318129
035 ## - SYSTEM CONTROL NUMBER
System control number (DNLM)101672196
040 ## - CATALOGING SOURCE
Original cataloging agency DNLM/DLC
Language of cataloging eng
Transcribing agency DLC
Description conventions rda
Modifying agency DLC
041 ## - LANGUAGE CODE
Language code of text/sound track or separate title eng
060 10 - NATIONAL LIBRARY OF MEDICINE CALL NUMBER
Classification number W 18.2
080 ## - UNIVERSAL DECIMAL CLASSIFICATION NUMBER
Universal Decimal Classification number 610.14
082 00 - DEWEY DECIMAL CLASSIFICATION NUMBER
Classification number 610.14
Edition number 23
100 1# - Rafti
Rafti 2
101 ## - Shkurtesa
Shkurtesa SHM
245 10 - TITLE STATEMENT
Title Medical language :
Statement of responsibility, etc Susan M. Turley.
906 ## - LOCAL DATA ELEMENT F, LDF (RLIN)
a 7
b cbc
c orignew
d 1
e ecip
f 20
g y-gencatlg
942 ## - ADDED ENTRY ELEMENTS (KOHA)
Source of classification or shelving scheme
Item type Books
Holdings
Withdrawn status Lost status Source of classification or shelving scheme Damaged status Not for loan Collection code Permanent location Current location Shelving location Date acquired Total Checkouts Full call number Barcode Date last seen Price effective from Koha item type
          Koleksioni i përgjithshem UBT - Lipjan UBT - Lipjan Koleksioni i përgjithshem 08/27/2018   610.14 TUR 002-3011501 08/27/2018 08/27/2018 Books
UBT Library © 2015-2024. All rights reserved University Education for Business and Technology